| 000 | 00810nas a2200253 4500 | ||
|---|---|---|---|
| 001 | BR8603115 | ||
| 003 | BR-BrBNA | ||
| 005 | 20231205090524.0 | ||
| 007 | ta | ||
| 008 | 230509b bl.|||p| |||| 00| 00por d | ||
| 040 |
_aBR-BrBNA _bpor _cBiblioteca Nacional de Agricultura |
||
| 041 | _a(Pt) | ||
| 072 | _aP34 | ||
| 100 | 1 | _aCasagrande, L.I.T. | |
| 245 | 1 | _aUm caso de micorriza ectendotrofica em planta de cerrado [unha-de-boi, Bauhinia holophylla, Sao Paulo] | |
| 246 | 1 | _a[A case of mycotrophic species in a "cerrado" plant] | |
| 650 | _aUNHA-DE-BOI | ||
| 650 | _aMICORRIZA | ||
| 650 | _aSAO PAULO | ||
| 650 | _aCERRADO | ||
| 773 | 0 |
_tRevista de Agricultura (Brazil) _xISSN 0034-7655 _g(Jun 1986), v. 61(1) p. 27-33 _wBR8603115 |
|
| 909 |
_a202311 _bLúcia _c55 _dLúcia Elande |
||
| 942 |
_2AGRIS _n0 _cANA |
||
| 999 |
_c119021 _d119021 |
||